1766 1884 1140 1278 1636 1528 1922 1204 1477 1228 1340 1306 1661 1716 2000 1756 1105 1438 1848 1099 1985 1927 1090 1950 1697 1756 1569 1504 1481 1736 1462 1245 1130 1813 1399 1461 1540 1289 1519 1198 1416 1252 1015 1215 1976 1977 1442 1004 1905 1551 1730 1687 1400 1900 1214 1133 1051 1616 1141 1563 1781 1555 1761 1796 1377 1970 1358 1376 1631 1676 1375 1475 1195 1493 1921 1454 1596 1926 1568 1022 1066 1052 1648 1182 1705 1124 1668 1506 1689 1200 1056 1312 1663 1008 1958 1175 1024 1449 1656 BCNSPRNW ULIB Ver.6.0+V

เปลี่ยนเป็นภาษาไทย

Change to English
 แสดงรายละเอียดบรรณานุกรม
  กลับหน้าหลัก

Brief Record : Get Marc (ISO 2709) : E-mail record : QR code < ปิดหน้าต่าง
LEADER : 00000nam 2200000uu 4500
001    13399128969
003     ULIB
008    241127s2565||||th 000 0 tha d
020 ^^ ู^a9786164821095
060 ^^ ^aWM207^bอ7ก
100 ^^ ^aอุษา บิกกิ้นส์
245 ^^ ^aการสื่อสารเพื่อความรอบรู้โรคซึมเศร้า /^cอุษา บิกกิ้นส์, วารีทิพย์ บุญยอ, ผู้เขียน
250 ^^ ^aพิมพ์ครั้งที่ 1
260 ^^ ^aกรุงเทพฯ :^bสำนักพิมพ์สถาบันบัณฑิตพัฒนบริหารศาสตร์,^c2565
300 ^^ ^a202 หน้า :^bภาพประกอบ, ตาราง ;^c26 ซม.
505 ^^ ^aสารบาญ: รู้จักโรคซึมเศร้า - - โรคซึมเศร้าภัยมืดที่มองไม่เห็น - - กระบวนการรับมือโรคซึมเศร้า - - ความรอบรู้โรคซึมเศร้า - - การสื่อสารโรคซึมเศร้าภาคพลเมือง
590 ^^ ^aอุษา บิกกิ้นส์, และวารีทิพย์ บุญยอ. ^bการสื่อสารเพื่อความรอบรู้โรคซึมเศร้า. ^dสำนักพิมพ์สถาบันบัณฑิตพัฒนบริหารศาสตร์.
591 ^^ ^aอุษา บิกกิ้นส์, วารีทิพย์ บุญยอ. การสื่อสารเพื่อความรอบรู้โรคซึมเศร้า. กรุงเทพฯ: สำนักพิมพ์สถาบันบัณฑิตพัฒนบริหารศาสตร์; 2565.
650 ^^ ^aโรคซึมเศร้า
690 ^^ ^aสาขาวิชาการพยาบาลสุขภาพจิตและจิตเวช
700 ^^ ^aวารีทิพย์ บุญยอ
945    ^p365^l0^i30383
999    ^aกัณชพร จุลอักษร
รายการนี้ยังไม่มีแท็ก
คุณยังไม่ได้ล็อกอิน คุณสามารถมีกิจกรรมร่วมกับเว็บไซต์ได้ แต่ต้องล็อกอินก่อน ::
  ล็อกอิน

รายการสื่อสารสนเทศ

ลำดับที่ ประเภท เลขเรียก/บาร์โค้ด สถานที่ สถานะ
1. วิทยาศาสตร์การแพทย์ และสุขภาพ
วิทยาศาสตร์การแพทย์ และสุขภาพ
WM207 อ7ก ฉ.1 
  Barcode: 30383
ห้องสมุดวิทยาเขตนครสวรรค์
►หนังสือทั่วไป:l:General Books
บนชั้น

รายการใกล้เคียง
    ผู้แต่ง [อุษา บิกกิ้นส์]

    หัวเรื่อง [โรคซึมเศร้า]

BibComment


ยังไม่เคยถูกคอมเมนท์

คอมเมนท์ทรัพยากรรายการนี้
  คอมเมนท์: การสื่อสารเพื่อค..


 Copyright 2026. Bcnsprnw @Library